000 00614nam a2200193 4500
005 20260615155419.0
010 _aENG-148842
020 _a9789390907892
_c475.00
035 _aEN-132374
037 _bDBAD
082 _a352.63092
_21
100 _aRout, Aditi Das
_989388
245 _aBy the River Kushiyara Recollections/
_cAditi Das Rout
250 _a1
260 _aNew Delhi
_bLifi Publications Pvt. Ltd
_c2026
270 _a211, 2nd Floor, Gagandeep 12, Rajendra Place
_bNew Delhi
_e110008
_minfo@lifipublications.com
300 _a270p.
_c22cm(pb)
942 _2ddc
_cEN
_h352.63092
_mROU
999 _c216661
_d216661